A Tao vizsgálata a vízilabdán keresztül

Bibliographic Details
Main Author: Keszthelyi Rita
Other Authors: Király Dr. Éva
Format: Thesis
Kulcsszavak:Sportfinanszírozás, társasági adó, vízilabda
társasági adó (TAO)
Online Access:http://dolgozattar.uni-bge.hu/18697

MARC

LEADER 00000nta a2200000 i 4500
001 dolg18697
005 20181204143322.0
008 181204suuuu hu om 000 hun d
040 |a BGE Dolgozattár Repozitórium  |b hun 
041 |a hu 
100 1 |a Keszthelyi Rita 
245 1 2 |a A Tao vizsgálata a vízilabdán keresztül  |c Keszthelyi Rita  |h [elektronikus dokumentum] 
695 |a Sportfinanszírozás, társasági adó, vízilabda 
695 |a társasági adó (TAO) 
700 1 |a Király Dr. Éva  |e ths 
856 4 0 |u http://dolgozattar.uni-bge.hu/18697/1/A%20Tao%20vizsg%C3%A1lata%20a%20v%C3%ADzilabd%C3%A1n%20kereszt%C3%BCl.pdf  |z Dokumentum-elérés 
856 4 0 |u http://dolgozattar.uni-bge.hu/18697/2/A%20Tao%20vizsg%C3%A1lata%20a%20v%C3%ADzilabd%C3%A1n%20kereszt%C3%BCl.pdf  |z Dokumentum-elérés